La Cooperació municipal a debat : ponències i debats de les Jornades de Sau, 5-6 de febrer de 1983 ponències i debats de les Jornades de Sau, 5-6 de febrer de 1983
Descripción Física:
259 p. ; 29 cm
Materias:
Administració local
MARC
| LEADER | 00000nam a2200000Ia 4500 | ||
|---|---|---|---|
| 001 | 8041 | ||
| 003 | BGR | ||
| 005 | 20260324175301.0 | ||
| 008 | 160829s1983 xx 000 0 cat d | ||
| 080 | |a M-3-221 | ||
| 111 | |a Jornades de Sau |9 71267 |c (Parador de Sau: |d 1983) | ||
| 245 | |a La Cooperació municipal a debat : |b ponències i debats de les Jornades de Sau, 5-6 de febrer de 1983 | ||
| 260 | |a Barcelona : |b Diputació. Servei de Cooperació Municipal, |c 1983 | ||
| 300 | |a 259 p. ; |c 29 cm | ||
| 650 | 0 | |a Administració local |9 34286 | |
| 710 | 1 | |a Barcelona (Catalunya : Província). |b Servei de Cooperació Municipal |e entitat editora |9 54958 | |
| 901 | |a Arxiu | ||
| 942 | |n 1 |2 udc |c JC | ||
| 952 | |0 0 |1 0 |4 0 |6 M3221 |7 1 |9 43323 |a Arxiu |b Arxiu |d 2016-12-01 |l 0 |o M-3-221 |p 8041 |r 2016-12-01 00:00:00 |w 2016-12-01 |y ARXIU | ||
| 999 | |c 45868 |d 45868 | ||